000
00288nam a22001337a 4500
008
170227b xxu||||| |||| 00| 0 eng d
020
_a
0683076140
041
_a
eng
080
_a
617
100
_a
5
101
_a
SHK
245
_a
CONCEPTS IN NEUROSURGERY
_c
SCOTT, R.M
942
_2
udc
_c
BK
999
_c
6262
_d
6262